00463nam a2200193Ia 450000500170000000800460001702000180006303700100008104000080009104000080009904000080010704100080011504100080012308400080013110000310013924500300017026000080020085600610020820260123164129.0008 260114s9999 xx 000 0 eng d a9789390464098 aEBOOK aCRL beng cCRL 2eng aeng qCRL aChandrasekaran/Umaparvathi 0aStatistics for management bPHI uhttps://elibrary.phindia.com/ebooks/reader/9789390464098